Návrh metodického postupu použitia účtov iných a ostatných pohľadávok v podvojnom účtovníctve podnikateľov v Slovenskej republike bakalárska práca

Gespeichert in:
Bibliographische Detailangaben
1. Verfasser: Korenko, Matej
Körperschaft: Fakulta hospodárskej informatiky EU. Katedra účtovníctva a audítorstva
Weitere Verfasser: Lovciová, Kornélia, 1983-
Format: Buch
Sprache:Slowakisch
Veröffentlicht: Bratislava 2025
Tags: Tag hinzufügen
Keine Tags, Fügen Sie das erste Tag hinzu!

MARC

LEADER 00000nbm a2200000 4500
001 0310626
005 20251204105248.4
041 0 |a slo 
044 |a SK 
245 1 0 |a Návrh metodického postupu použitia účtov iných a ostatných pohľadávok v podvojnom účtovníctve podnikateľov v Slovenskej republike  |b bakalárska práca  |c Matej Korenko ; školiteľ: Kornélia Lovciová 
264 1 |a Bratislava  |c 2025 
300 |a 41 s. 
100 1 |a Korenko, Matej 
700 1 |a Lovciová, Kornélia, 1983- 
710 2 |a Fakulta hospodárskej informatiky EU. Katedra účtovníctva a audítorstva